000 00335nam a22001217a 4500
082 _a345.4910696
_bKHA
100 _aKhargamwala, F.
245 _aNegotiable Instruments Act (XXVI of 1881) /
_cF. Khargamwala
260 _aLahore :
_bMansoor Book House,
_cN.A.
300 _a207 p. ;
_c24 cm.
563 _aHB.
942 _2ddc
_cBK
999 _c616033
_d616033